000 00201 a2200097 4500
001 46276
100 _aDorling, T
245 _aRibbons & Medals
260 _a
_bGeorge Philip
_c
090 _c29384
_d29384
942 _aNUST-CAE
_c
_c21540
999 _c281349
_d281349